| 000 | 00645nam a2200229Ia 4500 | ||
|---|---|---|---|
| 003 | 0100 | ||
| 005 | 20160913122150.0 | ||
| 008 | 130303s9999 xx 000 0 und d | ||
| 040 | _cARRUPELIB | ||
| 050 | _aR724.E788 | ||
| 245 | _aEthical issues in modern medicine | ||
| 260 | _aCalifornia | ||
| 260 | _bMayfield Publishing Company | ||
| 300 | _a524p. | ||
| 300 | _b 23 cm | ||
| 650 |
_bMysticism - Catholic Church _925735 |
||
| 650 |
_cContemplation _925736 |
||
| 650 |
_dSpiritual directors _925736 |
||
| 650 |
_aMedical ethics _xAddresses _925737 |
||
| 700 |
_aHunt, Robert ; Arras, John (ed.) _925738 |
||
| 942 |
_2lcc _02 _cMONOGRAPH |
||
| 999 |
_c64651 _d64651 |
||